| 000 -CABECERA |
| Longitud fija campo de control |
00581nam a2200205 a 4500 |
| 001 - NÚMERO DE CONTROL |
| Número de control |
4858 |
| 003 - IDENTIFICADOR DEL NÚMERO DE CONTROL |
| Identificador del número de control |
CDMR |
| 005 - FECHA Y HORA DE LA ÚLTIMA TRANSACCIÓN |
| Fecha y hora de la última transacción |
20240109162654.0 |
| 008 - CÓDIGOS DE INFORMACIÓN DE LONGITUD FIJA |
| Códigos de información de longitud fija |
130130s2009||||||||||||||||||||||||||||d |
| 020 ## - NÚMERO INTERNACIONAL NORMALIZADO PARA LIBROS |
| Número Internacional Normalizado para Libros (ISBN) |
9788461206001 |
| 040 ## - FUENTE DE LA CATALOGACIÓN |
| Centro catalogador de origen |
CDMR |
| Lengua de catalogación |
cat |
| Centro transcriptor |
CDMR |
| 245 #0 - MENCIÓN DE TÍTULO |
| Título |
Humoristas por la libertad de prensa |
| 260 ## - PUBLICACIÓN, DISTRIBUCIÓN, ETC. (PIE DE IMPRENTA) |
| Lugar de publicación, distribución, etc. |
Madrid : |
| Nombre del editor, distribuidor, etc. |
Reporteros sin Fronteras, |
| Fecha de publicación, distribución, etc. |
DL 2007 |
| 300 ## - DESCRIPCIÓN FÍSICA |
| Extensión |
102 p. |
| Otras características físicas |
il. col. |
| 650 04 - PUNTO DE ACCESO ADICIONAL DE MATERIA - TÉRMINO DE MATERIA |
| 9 (RLIN) |
3084 |
| Término de materia o nombre geográfico como elemento inicial |
Humorisme gràfic |
| 650 04 - PUNTO DE ACCESO ADICIONAL DE MATERIA - TÉRMINO DE MATERIA |
| 9 (RLIN) |
3073 |
| Término de materia o nombre geográfico como elemento inicial |
Llibertat d'expressió |
| 650 00 - PUNTO DE ACCESO ADICIONAL DE MATERIA - TÉRMINO DE MATERIA |
| 9 (RLIN) |
1582 |
| Término de materia o nombre geográfico como elemento inicial |
Llibertat d'impremta |
| 710 ## - PUNTO DE ACCESO ADICIONAL - NOMBRE DE ENTIDAD |
| 9 (RLIN) |
1249 |
| Nombre de entidad o nombre de jurisdicción como elemento inicial |
Reporteros Sin Fronteras |
| 942 ## - ENTRADA DE ELEMENTOS AGREGADOS (KOHA) |
| Koha [por defecto] tipo de item |
Monografies |
| Fuente de clasificaión o esquema |
|